LEADER 02481nas 2200661-a 450 001 996581531903316 005 20230522213016.0 011 $a2375-1207 035 $a(OCoLC)62141339 035 $a(CKB)111056645870036 035 $a(CONSER)--2005262230 035 $a(EXLCZ)99111056645870036 100 $a20051024a19959999 s-- a 101 0 $aeng 135 $aurcn||||||||| 181 $ctxt$2rdacontent 182 $cc$2rdamedia 183 $acr$2rdacarrier 200 10$aProceedings of the ... IEEE Symposium on Security and Privacy 210 $a[Los Alamitos, Calif.] $c[IEEE Computer Society Press]$d[©1995]- 300 $aTitle from PDF running title (IEEE Digital Library Web site, viewed on Oct. 24, 2005). 311 $a1081-6011 517 1 $aIEEE Symposium on Security and Privacy 517 1 $aSP 517 3 $aSymposium on Security and Privacy 517 3 $aSecurity and Privacy 517 3 $aS & P 531 $aIEEE SYMPOSIUM ON SECURITY & PRIVACY 531 0 $aProc. IEEE Symp Sec. Priv. 606 $aComputer security$vCongresses 606 $aData protection$vCongresses 606 $aPrivacy, Right of$vCongresses 606 $aComputers$xAccess control$vCongresses 606 $aElectronic data processing departments$xSecurity measures$vCongresses 606 $aComputer security$2fast$3(OCoLC)fst00872484 606 $aComputers$xAccess control$2fast$3(OCoLC)fst00872779 606 $aData protection$2fast$3(OCoLC)fst00887958 606 $aElectronic data processing departments$xSecurity measures$2fast$3(OCoLC)fst00907090 606 $aPrivacy, Right of$2fast$3(OCoLC)fst01077444 608 $aPeriodicals.$2fast 608 $aConference papers and proceedings.$2fast 615 0$aComputer security 615 0$aData protection 615 0$aPrivacy, Right of 615 0$aComputers$xAccess control 615 0$aElectronic data processing departments$xSecurity measures 615 7$aComputer security. 615 7$aComputers$xAccess control. 615 7$aData protection. 615 7$aElectronic data processing departments$xSecurity measures. 615 7$aPrivacy, Right of. 676 $a005 712 02$aIEEE Computer Society. 712 02$aIEEE Computer Society.$bTechnical Committee on Security and Privacy. 906 $aCONFERENCE 912 $a996581531903316 996 $aProceedings of the ... IEEE Symposium on Security and Privacy$92963011 997 $aUNISA LEADER 01309nam a22003251i 4500 001 991002036779707536 005 20250522170319.0 008 030925s1959 fr ||||er|||||||1|||fre d 035 $ab12233134-39ule_inst 035 $aARCHE-028075$9ExL 040 $aBibl. Interfacoltà T. Pellegrino$bita$cA.t.i. Arché s.c.r.l. Pandora Sicilia s.r.l.$dSocioculturale Scs 041 0 $afre 082 04$a171.5$223 100 1 $aHelvétius, Claude-Adrien$0416398 245 10$aDe l'esprit /$cHelvétius ; introduction et notes par Guy Besse 260 $aParis :$bEditions sociales,$c1959 300 $a190 p. ;$c17 cm 490 1 $aLes classiques du people 650 4$aSpirito 650 4$aEtica$xUtilitarismo 700 1 $aBesse, Guy 830 4$aLes classiques du people 907 $a.b12233134$b02-04-14$c08-10-03 912 $a991002036779707536 945 $aLE002 Fil. X N 9$g1$i2002000067579$lle002$o-$pE0.00$q-$rl$s-$t0$u0$v0$w0$x0$y.i12616497$z08-10-03 945 $aLE002 Fil. XII M 5$g1$i2002000540133$lle002$o-$pE0.00$q-$rl$s-$t0$u0$v0$w0$x0$y.i10419330$z27-06-02 945 $aLE022 MP 72 F 8$g1$i2022000068529$lle022$o-$pE0.00$q-$rl$s-$t0$u0$v0$w0$x0$y.i1320418x$z17-03-04 996 $aDe l'esprit$936646 997 $aUNISALENTO 998 $ale002$ale022$b08-10-03$cm$da$e-$ffre$gfr$h0$i1